Ave Roma immortalis : Studies from the chronicles of Rome
This book may have occasional imperfections such as missing or blurred pages, poor pictures, errant marks, etc. that were either part of the original artifact, or were introduced by the scanning process. We believe this work is culturally important, and despite the imperfections, have elected to bri...
محفوظ في:
| المؤلف الرئيسي: | |
|---|---|
| التنسيق: | كتاب |
| اللغة: | Undetermined |
| منشور في: |
New York
The Macmillan Co.
1898
|
| الموضوعات: | |
| الوسوم: |
إضافة وسم
لا توجد وسوم, كن أول من يضع وسما على هذه التسجيلة!
|
| Thư viện lưu trữ: | Trung tâm Học liệu Trường Đại học Cần Thơ |
|---|
| LEADER | 01160nam a2200217Ia 4500 | ||
|---|---|---|---|
| 001 | CTU_218716 | ||
| 008 | 210402s9999 xx 000 0 und d | ||
| 082 | |a 945 | ||
| 082 | |b C899 | ||
| 100 | |a Crawford, Francis Marion | ||
| 245 | 0 | |a Ave Roma immortalis : | |
| 245 | 0 | |b Studies from the chronicles of Rome | |
| 245 | 0 | |c Francis Marion Crawford | |
| 260 | |a New York | ||
| 260 | |b The Macmillan Co. | ||
| 260 | |c 1898 | ||
| 520 | |a This book may have occasional imperfections such as missing or blurred pages, poor pictures, errant marks, etc. that were either part of the original artifact, or were introduced by the scanning process. We believe this work is culturally important, and despite the imperfections, have elected to bring it back into print as part of our continuing commitment to the preservation of printed works worldwide. We appreciate your understanding of the imperfections in the preservation process, and hope you enjoy this valuable book. | ||
| 650 | |a Rome (Italy),Rome ( nước Ý) | ||
| 650 | |x Description and travel,Du hành và mô tả | ||
| 904 | |i Qhieu | ||
| 980 | |a Trung tâm Học liệu Trường Đại học Cần Thơ | ||